000 00274nam a2200121 a 4500
008 100922s1985|||| d
245 1 0 _aStromy z raja
100 1 _aFrühauf, Klaus
260 _bTatran
_aBratislava
_c1985
020 _c22
044 _axo
_cSK
041 _aslo
999 _c10612
_d10612